Statistics for NBA teams quiz

Click here to take the quiz!

General Stats

  • This quiz has been taken 12 times
  • The average score is 27 of 30

Answer Stats

DivisionTeam% Correct
SouthwestHouston Rockets
100%
PacificLos Angeles Clippers
100%
PacificLos Angeles Lakers
100%
SoutheastMiami Heat
100%
CentralMilwaukee Bucks
100%
NorthwestMinnesota Timberwolves
100%
PacificSacramento Kings
100%
SouthwestSan Antonio Spurs
100%
SoutheastWashington Wizards
100%
AtlanticBoston Celtics
92%
AtlanticBrooklyn Nets
92%
CentralChicago Bulls
92%
CentralCleveland Cavaliers
92%
SouthwestDallas Mavericks
92%
NorthwestDenver Nuggets
92%
PacificGolden State Warriors
92%
AtlanticNew York Knicks
92%
SoutheastOrlando Magic
92%
AtlanticPhiladelphia 76ers
92%
PacificPhoenix Suns
92%
NorthwestUtah Jazz
92%
SoutheastAtlanta Hawks
83%
CentralIndiana Pacers
83%
SouthwestMemphis Grizzlies
83%
SouthwestNew Orleans Pelicans
83%
NorthwestOklahoma City Thunder
83%
NorthwestPortland Trailblazers
83%
CentralDetroit Pistons
75%
AtlanticToronto Raptors
75%
SoutheastCharlotte Hornets
67%

Score Distribution

Percentile by Number Answered

Percent of People with Each Score

Your Score History

You have not taken this quiz